000 00688nam a2200181Ia 4500
008 100921s9999 xx 000 0 und d
082 _b43897
_a891.463 न 08
100 _aकुलकर्णी अनिल रघुनाथ.
245 _aतळ्याकाठच्या सावल्या.
260 _bविश्वमोहिनी प्रकाशन,पुणे.
_c2008
300 _a275
_b---
365 _b250
520 _aललित-कथा.
630 _aतळ्याकाठच्या सावल्या.
650 _aललित-कथा.
730 _aतळ्याकाठच्या सावल्या.
942 _cBOOK
999 _c793010
_d793007